| 000 | 01409 a2200265 4500 | ||
|---|---|---|---|
| 003 | NUST | ||
| 005 | 20221208182054.0 | ||
| 010 | _a 2002280383 | ||
| 020 | _a0195796330 | ||
| 035 | _a(OCoLC)ocm48468567 | ||
| 040 | _cNust | ||
| 082 | _a297.5,HAS | ||
| 100 | 1 |
_aHassan, Riaz, _9104509 |
|
| 245 | 1 | 0 |
_aFaithlines : _bMuslim conceptions of Islam and society / _cRiaz Hassan. |
| 260 |
_aKarachi : _bOxford University Press, _c2002. |
||
| 300 |
_axviii, 276 p. ; _c23 cm. |
||
| 505 | _aIntroduction: Social Reality of the Islamic World (Page-1), Muslim Piety Religious Commitment in Muslim Societies (Page-39), The Islamic Ummah Myth or Reality (Page-84), The Self-Image of Islam (Page-115), Islamic State Political Organization and Islamic Institutions (Page-146), Gender Roles Islamic Determinism or Social Construction (Page-167), Attitudes Towards Veiling and Patriarchy (Page-188), Muslim Perceptions of the Other (Page-209), Conclusions Islamic Futures (Page-223). | ||
| 650 | 0 |
_aIslam and social problems. _9291 |
|
| 650 | 0 |
_aIslamic sociology. _937462 |
|
| 650 | 0 |
_aMuslims _xAttitudes. _9104510 |
|
| 856 | 4 | 2 |
_3Book review (H-Net) _uhttp://www.h-net.org/review/hrev-a0c7y3-aa |
| 856 | 4 | 2 |
_3Publisher description _uhttp://www.loc.gov/catdir/enhancements/fy0639/2002280383-d.html |
| 856 | 4 | 2 |
_3Table of contents only _uhttp://www.loc.gov/catdir/toc/fy022/2002280383.html |
| 942 |
_2ddc _cBK _k297.5,HAS |
||
| 999 |
_c185417 _d185417 |
||